| 000 | 00949cam a22002895a 4500 | ||
|---|---|---|---|
| 001 | 1005750 | ||
| 005 | 20180109135251.0 | ||
| 008 | 871001s1992 dcua frb 001 0 eng d | ||
| 020 | _a0841211736 | ||
| 040 |
_aDLC _cDLC _dDLC _dEG-ScBUE _beng |
||
| 043 | _an-us--- | ||
| 082 | 0 | 4 |
_222 _a628.50287 _bPRI |
| 245 | 0 | 0 |
_aPrinciples of environmental sampling / _ceditor Lawrence H. Keith. |
| 250 | _a3rd printing. | ||
| 260 |
_a[Washington] : _bAmerican Chemical Society, _c1992. |
||
| 300 |
_axxiv, 458 p. : _bill. ; _c24 cm. |
||
| 504 | _aIncludes bibliographical references and indexes. | ||
| 650 | 7 |
_aPollution _xMeasurement. _2BUEsh |
|
| 650 | 7 |
_aEnvironmental chemistry. _2BUEsh _918982 |
|
| 650 | 7 |
_aEnvironmental monitoring. _2BUEsh _923071 |
|
| 650 | 7 |
_aQuality assurance. _2BUEsh |
|
| 651 | _2BUEsh | ||
| 653 |
_bGGEN _cJanuary2018 |
||
| 700 | 1 |
_aKeith, Lawrence H., _d1938- _eeditor. |
|
| 710 | 2 | _aAmerican Chemical Society. | |
| 942 | _2ddc | ||
| 999 |
_c25914 _d25886 |
||